| 000 | 00932cam a22003017a 4500 | ||
|---|---|---|---|
| 003 | CHAP | ||
| 005 | 20220329133222.0 | ||
| 008 | 971013s1991 br a r 00010 por d | ||
| 010 | _a3527 | ||
| 011 | _a4499 | ||
| 035 | _a3703 | ||
| 040 | _cCHAP | ||
| 082 | 0 | 4 |
_a633.51 _bD4 |
| 100 | 0 | 0 |
_aDegrande, Paulo. _931512 |
| 245 | 1 | 0 | _aBicudo do algodoeiro manejo integrado |
| 260 |
_aDourados, Brasil : _bUniversidad Federal de Mato Grosso do Sul, _c1991 |
||
| 300 |
_a141 p. _b; gráfs |
||
| 590 |
_aBATCH-UPD _b10 _c20130110 _lUCH01 _h1624 |
||
| 590 |
_aBATCH-UPD _b10 _c20130410 _lUCH01 _h1018 |
||
| 590 |
_aBATCH-UPD _b10 _c20130914 _lUCH01 _h0314 |
||
| 590 |
_aCONVERSION _b10 _c20130109 _lUCH01 _h1303 |
||
| 650 | 1 | 4 |
_aAlgodón _xPlagas. _94046 |
| 650 | 1 | 4 |
_aAnthonomus grandis. _96037 |
| 650 | 1 | 4 |
_aControl de plagas. _927595 |
| 901 | _aBK | ||
| 942 | _cLIBRO | ||
| 949 |
_a633.51 D4 _bBC _cLIBRO _d33724000194494 _eLIBRO _h79754 _i3703 _mD _si |
||
| 999 |
_c3527 _d3527 |
||